| 000 | 00433nam a2200157 i 4500 | ||
|---|---|---|---|
| 001 | 92932 | ||
| 003 | ES-MaACL | ||
| 005 | 20230906181105.0 | ||
| 007 | t| | ||
| 008 | 050331s1912 sp ||||1| spa d | ||
| 100 | 1 |
_aLis, M. _972529 |
|
| 245 | 1 | 0 |
_aLos foros en Galicia _b: tesis doctoral / _cM. Lis. |
| 260 |
_aPontevedra : _b[s.n.], _c1912 ( _eTip. de la Viuda de S.A) |
||
| 502 | _aTesis doctoral. | ||
| 852 |
_aES-MaACL _jT-1373-F-6 |
||
| 999 |
_c92932 _d92932 |
||